Gobierno y sociedad en Chiloé colonial
Uloženo v:
| Hlavní autor: | |
|---|---|
| Médium: | Kniha |
| Jazyk: | španělština |
| Vydáno: |
Valparaíso, Chile
Ediciones Universitarias de Valparaíso
2013
|
| Vydání: | Segunda edición |
| Témata: | |
| Tagy: |
Přidat tag
Žádné tagy, Buďte první, kdo vytvoří štítek k tomuto záznamu!
|
MARC
| LEADER | 00000cam a2200000 a 4500 | ||
|---|---|---|---|
| 001 | UCE0118 | ||
| 003 | CL-VaPUC | ||
| 005 | 20241021151607.0 | ||
| 008 | 140103e20130000cl |||||||||||||||||spa|d | ||
| 999 | |c 354407 |d 354405 | ||
| 020 | |a 9789561705722 | ||
| 040 | |c Pontificia Universidad Católica de Valparaíso | ||
| 082 | 0 | 4 | |a 983.03 URB 2013 |2 21 |
| 100 | 0 | |a Urbina Burgos, Rodolfo |e author |9 572538 | |
| 245 | 1 | 0 | |a Gobierno y sociedad en Chiloé colonial |
| 250 | |a Segunda edición | ||
| 260 | |a Valparaíso, Chile |b Ediciones Universitarias de Valparaíso |c 2013 | ||
| 300 | |a 339 páginas | ||
| 583 | |a last modification |c 20140103 12:15:00 |k Rodrigo Vera | ||
| 650 | 0 | |a Historia colonial |z CHILOE |z CHILE |9 255211 | |
| 650 | 0 | |a Historia de Chile siglos 16-17 |y SIGLOS 16-17 |z CHILOE |9 546414 | |
| 650 | 0 | |a Desarrollo económico y social |z CHILOE |z CHILE |9 256320 | |
| 852 | |a BIBCUR | ||
| 942 | |c BK |2 ddc | ||
| 945 | |d 20140103 12:15:00 |a dcastane | ||
| 952 | |0 0 |1 0 |2 ddc |3 erb |4 0 |6 983_030000000000000_URB_2013 |7 0 |8 A |9 460249 |a BIBHIS |b BIBHIS |i 5041368 |l 3 |o 983.03 URB 2013 |p 5041368 |r 2025-01-20 |s 2024-09-03 |t 1 |w 2019-11-23 |y BK |z Catalogado en:20140103 |k HIS | ||
| 952 | |0 0 |1 0 |2 ddc |3 erb |4 0 |6 983_030000000000000_URB_2013 |7 0 |8 X |9 460250 |a FDOBUD |b FDOBUD |i 5303028 |o 983.03 URB 2013 |p 5303028 |r 2019-11-23 |t 2 |w 2019-11-23 |y BK_X |z Catalogado en:20160428 |k FHP | ||